|
|
|
|
| LEADER |
00000cam a22000004a 4500 |
| 001 |
musev2_2397 |
| 003 |
MdBmJHUP |
| 005 |
20230905040324.0 |
| 006 |
m o d |
| 007 |
cr||||||||nn|n |
| 008 |
890728s1990 ctu o 00 0 eng d |
| 010 |
|
|
|z 89038463
|
| 020 |
|
|
|a 9780819572530
|
| 020 |
|
|
|z 9780819521750
|
| 035 |
|
|
|a (OCoLC)731690636
|
| 040 |
|
|
|a MdBmJHUP
|c MdBmJHUP
|
| 041 |
1 |
|
|a engpor
|
| 050 |
0 |
4 |
|a PQ9698.26.R29
|b A6 1990
|
| 082 |
0 |
|
|a 869.1
|2 20
|
| 100 |
1 |
|
|a Prado, Adelia.
|
| 240 |
1 |
0 |
|a Poems.
|l English.
|k Selections
|
| 245 |
1 |
4 |
|a The Alphabet in the Park :
|b Selected Poems /
|c translated and with an introduction by Ellen Watson.
|
| 250 |
|
|
|a 1st ed.
|
| 264 |
|
1 |
|a Middletown, Conn. :
|b Wesleyan University Press,
|c 1990.
|
| 264 |
|
3 |
|a Baltimore, Md. :
|b Project MUSE,
|c 2012
|
| 264 |
|
4 |
|c ©1990.
|
| 300 |
|
|
|a 1 online resource (80 pages).
|
| 336 |
|
|
|a text
|b txt
|2 rdacontent
|
| 337 |
|
|
|a computer
|b c
|2 rdamedia
|
| 338 |
|
|
|a online resource
|b cr
|2 rdacarrier
|
| 500 |
|
|
|a Translated from the Portuguese.
|
| 588 |
|
|
|a Description based on print version record.
|
| 600 |
1 |
0 |
|a Prado, Adelia
|x Translations into English.
|
| 655 |
|
7 |
|a Electronic books.
|2 local
|
| 700 |
1 |
|
|a Watson, Ellen,
|d 1950-
|
| 710 |
2 |
|
|a Project Muse.
|e distributor
|
| 830 |
|
0 |
|a Book collections on Project MUSE.
|
| 856 |
4 |
0 |
|z Texto completo
|u https://projectmuse.uam.elogim.com/book/2397/
|
| 945 |
|
|
|a Project MUSE - Custom Collection
|
| 945 |
|
|
|a Project MUSE - Archive Complete Foundation
|
| 945 |
|
|
|a Project MUSE - Archive Poetry, Fiction and Creative Non-Fiction Foundation
|